[Event "SLO-ch U14"]
[Site "Rogaska Slatina"]
[Date "2009.02.26"]
[Round "7"]
[White "Cigan, Marko"]
[Black "Brank, Bine"]
[Result "0-1"]
[WhiteElo "1538"]
[BlackElo "1617"]
[PlyCount "102"]
[EventDate "2009.02.22"]
[EventType "swiss"]
[EventRounds "9"]
[EventCountry "SLO"]
[SourceTitle "CBM 129 Extra"]
[Source "ChessBase"]
[SourceDate "2009.05.05"]
[SourceVersion "2"]
[SourceVersionDate "2009.05.20"]
[SourceQuality "1"]

1. e4 e6 2. d4 c5 3. c3 Nf6 4. e5 Nd5 5. Nf3 cxd4 6. cxd4 d6 7. a3 Be7 8. Bd3 Nc6 9. 0-0 0-0 10. Nbd2 b6 11. b4 Bb7 12. Nb3 Qd7 13. Bb2 Nf4 14. Bc2 Rac8 15. Qd2 dxe5 16. dxe5 Qxd2 17. Nbxd2 Nxe5 18. Bxh7+ Kxh7 19. Bxe5 Ng6 20. Rac1 Nxe5 21. Nxe5 f6 22. Nef3 Bd5 23. h3 Bd6 24. Nd4 Bf4 25. Rxc8 Rxc8 26. Nb1 e5 27. Nf5 Rc2 28. Ne3 Bxe3 29. fxe3 Rxg2+ 30. Kh1 Re2+ 31. Kg1 Rxe3 32. Kh2 Re2+ 33. Kg1 Rg2+ 34. Kh1 Rf2+ 35. Kg1 Rxf1+ 36. Kxf1 Kg6 37. Nc3 Be6 38. Kg2 Kf5 39. Nb5 a6 40. Nd6+ Kg5 41. Kg3 Bd5 42. h4+ Kg6 43. Nc8 Be6 44. Nxb6 f5 45. Na4 f4+ 46. Kf3 Kf5 47. Nc5 Bc4 48. a4 e4+ 49. Kf2 Ke5 50. Nd7+ Kd4 51. Nc5 a5 0-1

[Event "SLO-ch U12"]
[Site "Murska Sobota"]
[Date "2007.02.27"]
[Round "5"]
[White "Pregelj, Maj"]
[Black "Cigan, Marko"]
[Result "0-1"]
[WhiteElo "1540"]
[BlackElo "1500"]
[PlyCount "76"]
[EventDate "2007.02.25"]
[EventType "swiss"]
[EventRounds "9"]
[EventCountry "SLO"]
[SourceTitle "CBM 117 Extra"]
[Source "ChessBase"]
[SourceDate "2007.05.09"]
[SourceVersion "1"]
[SourceVersionDate "2007.05.09"]
[SourceQuality "1"]

1. e4 d5 2. exd5 Nf6 3. Nc3 Nxd5 4. Nxd5 Qxd5 5. Nf3 Bg4 6. d3 Nc6 7. Be2 0-0-0 8. Bf4 e6 9. Qd2 Bd6 10. Bxd6 Qxd6 11. 0-0-0 f6 12. Qc3 Nd4 13. Nxd4 Qxd4 14. Bxg4 Qxg4 15. g3 e5 16. Rd2 Rd6 17. h4 Rhd8 18. Rhd1 Qe6 19. a3 Rc6 20. Qb4 Qa2 21. c3 Rb6 22. b3 Qxb3 23. Qxb3 Rxb3 24. Kc2 Rxa3 25. Kb2 Ra6 26. f3 Rb6+ 27. Kc2 c5 28. d4 cxd4 29. Rd3 Rc6 30. Ra1 Rxc3+ 31. Rxc3+ dxc3 32. Rxa7 Rd2+ 33. Kxc3 Rf2 34. f4 exf4 35. g4 Rg2 36. g5 fxg5 37. hxg5 Rxg5 38. Ra1 h5 0-1